000 00638nam a2200277Ia 4500
005 20260324125538.0
008 008 260324s9999 xx 000 0 eng d
020 _a9781315662329
037 _aEBOOK
040 _aCRL
040 _beng
040 _cCRL
041 _2eng
041 _aeng
084 _qCRL
100 _aT.R. van Geel
_91178378
245 0 _aUnderstanding Supreme Court Opinions
260 _bTaylor and Francis
260 _c2009
365 _a
365 _b300
856 _uhttp://www.taylorfrancis.com/books/9781315662329
942 _cEBOOK
999 _c1773759
_d1773759